Balanza de Pagos de Costa Rica 1989

সংরক্ষণ করুন:
গ্রন্থ-পঞ্জীর বিবরন
সংস্থা লেখক: Banco Central de Costa Rica
বিন্যাস: পাঠ‍্য
প্রকাশিত: San José: Banco de Costa Rica
ট্যাগগুলো: ট্যাগ যুক্ত করুন
কোনো ট্যাগ নেই, প্রথমজন হিসাবে ট্যাগ করুন!

MARC

LEADER 00000 a a2200000 04500
001 23290
003
040 |a CRAI/IIS  |c CRAI/IIS 
090 |a 161200  
110 |a Banco Central de Costa Rica  
245 |a Balanza de Pagos de Costa Rica 1989  
260 |a San José:   |b Banco de Costa Rica  
300 |a 102 p.   |b **no definido**  
999 |c 2510  |d 2510